000 00716nam a2200265Ia 4500
005 20260302114958.0
008 008 260114s9999 xx 000 0 eng d
020 _a9781474237192
037 _aTextbook
040 _aCRL
040 _beng
040 _cCRL
041 _2eng
041 _aeng
084 _qCRL
100 _aLesleigh Cushing Stahlberg and Peter S. Hawkins
_91120342
245 4 _aThe Bible in the American Short Story
260 _bBloomsbury
260 _bBloomsbury Academic
260 _c2017
650 _aLiterary Studies
856 _uhttps://dx.doi.org/10.5040/9781474237192?locatt=label:secondary_bloomsburyCollections
942 _cEBOOK
999 _c1684512
_d1684512